Centre de Documentació del Parc Natural de Garraf
Publicado:
Gavà :
Fundació Pública Museu de Gavà, Ajuntament de Gavà ; Barcelona : Diputació de Barcelona ,
1992
Descripción Física:
29 cm
Colección:
Dossier bibliogràfic ; 1
MARC
| LEADER | 00000nam a2200000Ia 4500 | ||
|---|---|---|---|
| 001 | 21416 | ||
| 008 | 160829s1992 xx 000 0 cat d | ||
| 080 | |a A-2-359 | ||
| 245 | |a Centre de Documentació del Parc Natural de Garraf | ||
| 260 | |a Gavà : |b Fundació Pública Museu de Gavà, Ajuntament de Gavà ; Barcelona : |b Diputació de Barcelona, |c 1992 | ||
| 300 | |a 29 cm | ||
| 490 | |a Dossier bibliogràfic ; 1 | ||
| 650 | |a Centre de Documentació del Parc Natural de Garraf |x Catàlegs |9 44506 | ||
| 650 | |a Parc del Garraf |x Bibliografia |9 44507 | ||
| 700 | |a Museu de Gavà. Fundació Pública |9 44508 | ||
| 700 | |a Centre de Documentació del Parc Natural de Garraf |9 44509 | ||
| 710 | 1 | |a Gavà (Catalunya). |b Ajuntament |9 54398 | |
| 866 | |a 1992 (1) | ||
| 901 | |a Arxiu | ||
| 942 | |n 1 | ||
| 952 | |0 0 |1 0 |4 0 |6 A2359 |7 1 |9 51969 |a Arxiu |b Arxiu |d 2016-12-01 |l 0 |o A-2-359 |p 21416 |r 2016-12-01 00:00:00 |w 2016-12-01 |y ARXIU | ||
| 999 | |c 55816 |d 55816 | ||